Statistics for The Ultimate Watchdogs 2 Quiz

Click here to take the quiz!

General Stats

  • This quiz has been taken 367 times
  • The average score is 12 of 35

Answer Stats

HintAnswer% Correct
Main Character of the gameMarcus Holloway
95%
Masked member of DedsecWrench
92%
Dedsec member killed by TezcasHoratio Carlin
79%
Autistic Dedsec HackerJosh Sauchak
79%
Female member of DedsecSitara Dhawan
78%
Mexican GangTezcas
58%
Basically a Google parody in the gameNudle
55%
Enemy hacker gangPrime Eight
44%
Church that owns fake Sumerian TabletsNew Dawn
40%
T-BoneRaymond Kenney
40%
Original Watchdogs character that did a tag team with MarcusAiden Pearce
39%
Russian GangBratva
39%
Chinese GangAuntie Shu
36%
App that will give you rewards for taking pictures of landmarksScoutX
36%
African American Gang580s
34%
Celebrity that stars in CyberDriverJimmy Siska
33%
Main antagonist of the game: owner of BlumeDusan Nemec
31%
Security CompanyUmeni-Zulu
31%
Small robot that Wrench took over and namedWrench Jr.
30%
Transgender PoliticianMiranda Comay
26%
Company that makes small security robotsTidis
26%
Law force that tried to stop DedsecFBI
24%
1st car dealer shopAuto Elite
21%
Space CompanyGalilei
17%
Redneck GangSons of Ragnarok
17%
Politican that is illegally winningMark Thruss
15%
2nd car dealer shopTotal Motors
15%
Tezcas LeaderPablo "The Skinner" Cortez
14%
CEO of !NVITEMary Catskill
13%
Sitara's NieceCindy
9%
CEO of HaumSteven Bader
6%
2nd Tezcas member that helped to capture HoratioLuis Travino
5%
Possible pedophile at HaumCole Laing
4%
3rd Tezcas member that helped to capture HoratioTina Huerta
4%
1st Tezcas member that helped to capture HoratioJorge Guttierez
3%

Score Distribution

Percentile by Number Answered

Percent of People with Each Score

Your Score History

You have not taken this quiz